[Event "Titled Tuesday intern op 14th May Early"]
[Site "Chess.com INT"]
[Date "2024.05.14"]
[Round "8"]
[White "Andersson, Bjorn"]
[Black "Shvedova, Alexandra"]
[Result "1-0"]
[WhiteElo "2281"]
[BlackElo "2197"]
[PlyCount "55"]
[EventDate "2024.05.14"]
[EventType "swiss (blitz)"]
[EventRounds "11"]
[EventCountry "USA"]
[SourceTitle "EXT 2025"]
[Source "ChessBase"]
[SourceDate "2024.10.14"]
[SourceVersion "1"]
[SourceVersionDate "2024.10.14"]
[SourceQuality "1"]

1. e4 c5 2. Nc3 Nc6 3. g3 g6 4. Bg2 Bg7 5. d3 d6 6. f4 e6 7. Nf3 Nge7 8. 0-0 0-0 9. h3 b6 10. g4 f5 11. Be3 Bd7 12. Qd2 Nd4 13. Rae1 b5 14. Bf2 b4 15. Nd1 Rb8 16. g5 fxe4 17. dxe4 e5 18. Bg3 Nxf3+ 19. Rxf3 Be6 20. Ne3 Nc6 21. f5 Nd4 22. f6 Nxf3+ 23. Bxf3 Bxf6 24. gxf6 Qxf6 25. Bg4 Bxg4 26. Nxg4 Qf3 27. Qg2 Qf7 28. Nh6+ 1-0

[Event "Titled Tuesday intern op 14th May Early"]
[Site "Chess.com INT"]
[Date "2024.05.14"]
[Round "6"]
[White "Andersson, Bjorn"]
[Black "Zakirov, Musa"]
[Result "0-1"]
[WhiteElo "2281"]
[BlackElo "2123"]
[PlyCount "42"]
[EventDate "2024.05.14"]
[EventType "swiss (blitz)"]
[EventRounds "11"]
[EventCountry "USA"]
[SourceTitle "EXT 2025"]
[Source "ChessBase"]
[SourceDate "2024.10.14"]
[SourceVersion "1"]
[SourceVersionDate "2024.10.14"]
[SourceQuality "1"]

1. e4 c5 2. Nc3 d6 3. g3 g6 4. Bg2 Bg7 5. d3 Nc6 6. f4 e6 7. Nf3 Nge7 8. 0-0 0-0 9. h3 Rb8 10. g4 f5 11. Qe1 b5 12. exf5 gxf5 13. Ng5 Nd4 14. Qf2 h6 15. Nf3 Ng6 16. Be3 fxg4 17. Nxd4 cxd4 18. Bxd4 Rxf4 19. Bxg7 Rxf2 20. Rxf2 Kxg7 21. Raf1 Qe7 0-1

[Event "Titled Tuesday intern op 05th Mar Early"]
[Site "Chess.com INT"]
[Date "2024.03.05"]
[Round "5"]
[White "Andersson, Bjorn"]
[Black "White, John S"]
[Result "1-0"]
[WhiteElo "2281"]
[BlackElo "2235"]
[PlyCount "69"]
[EventDate "2024.03.05"]
[EventType "swiss (blitz)"]
[EventRounds "11"]
[EventCountry "USA"]
[SourceTitle "EXT 2025"]
[Source "ChessBase"]
[SourceDate "2024.10.14"]
[SourceVersion "1"]
[SourceVersionDate "2024.10.14"]
[SourceQuality "1"]

1. e4 c5 2. Nc3 Nc6 3. g3 g6 4. Bg2 Bg7 5. d3 d6 6. Be3 e6 7. Qd2 Nge7 8. Nge2 0-0 9. 0-0 a6 10. Bh6 Bd7 11. Bxg7 Kxg7 12. f4 Nd4 13. Nd1 b5 14. Nc1 Rb8 15. c3 Ndc6 16. Ne3 f5 17. Ne2 e5 18. d4 Qb6 19. dxe5 fxe4 20. exd6 Nf5 21. Nd5 Qa7 22. Bxe4 c4+ 23. Kh1 Nxd6 24. Bf3 Nf5 25. Rad1 Be6 26. Rfe1 Rbd8 27. Ng1 Rfe8 28. Qc1 Bxd5 29. Rxd5 Rxe1 30. Qxe1 Rxd5 31. Bxd5 Nce7 32. Qe5+ Kh6 33. Bf3 Qf2 34. g4 Nh4 35. g5# 1-0

[Event "Titled Tuesday intern op 05th Mar Early"]
[Site "Chess.com INT"]
[Date "2024.03.05"]
[Round "9"]
[White "Filgueira, Hernan"]
[Black "Andersson, Bjorn"]
[Result "0-1"]
[WhiteElo "2283"]
[BlackElo "2281"]
[PlyCount "54"]
[EventDate "2024.03.05"]
[EventType "swiss (blitz)"]
[EventRounds "11"]
[EventCountry "USA"]
[SourceTitle "EXT 2025"]
[Source "ChessBase"]
[SourceDate "2024.10.14"]
[SourceVersion "1"]
[SourceVersionDate "2024.10.14"]
[SourceQuality "1"]

1. e4 e6 2. d4 d5 3. Nc3 Bb4 4. e5 c5 5. Bd2 cxd4 6. Nb5 Bc5 7. Qg4 Kf8 8. b4 Be7 9. Nxd4 Qc7 10. Ngf3 Nc6 11. Nxc6 Qxc6 12. Bd3 h5 13. Qf4 Nh6 14. 0-0 Nf5 15. b5 Qc7 16. Rac1 Bd7 17. c4 dxc4 18. Rxc4 Qb6 19. a4 Rd8 20. Bxf5 exf5 21. Bb4 Be6 22. Bxe7+ Kxe7 23. a5 Qxa5 24. Qg5+ Kf8 25. Rd4 Rxd4 26. Nxd4 Rh6 27. h4 Kg8 0-1

[Event "Titled Tuesday intern op 05th Mar Early"]
[Site "Chess.com INT"]
[Date "2024.03.05"]
[Round "3"]
[White "Mirza, Diana"]
[Black "Andersson, Bjorn"]
[Result "0-1"]
[WhiteElo "1956"]
[BlackElo "2281"]
[PlyCount "120"]
[EventDate "2024.03.05"]
[EventType "swiss (blitz)"]
[EventRounds "11"]
[EventCountry "USA"]
[SourceTitle "EXT 2025"]
[Source "ChessBase"]
[SourceDate "2024.10.14"]
[SourceVersion "1"]
[SourceVersionDate "2024.10.14"]
[SourceQuality "1"]

1. d4 Nf6 2. Nf3 d5 3. e3 c5 4. b3 Nc6 5. Bb2 Bf5 6. Bd3 Bg6 7. 0-0 e6 8. Nbd2 Be7 9. Ne5 Nxe5 10. dxe5 Nd7 11. f4 Qb6 12. Kh1 c4 13. Bxg6 hxg6 14. Bd4 Bc5 15. Nf3 0-0-0 16. bxc4 dxc4 17. Rb1 Qc6 18. c3 Nb6 19. a4 Nxa4 20. Qc2 Nb6 21. Qa2 Kb8 22. Bxc5 Qxc5 23. Nd4 Nd5 24. Rb5 Qc7 25. Rfb1 b6 26. Qa3 Nxe3 27. R1b4 Nc2 28. Qb2 Nxb4 29. Rxb4 Rd5 30. Qa2 Rhd8 31. Rxc4 Rc5 32. Ra4 Rxc3 33. h3 Rc5 34. Qe2 Rcd5 35. Nb5 Qc1+ 36. Kh2 Qd2 37. Qf1 Qd3 38. Qxd3 Rxd3 39. Nxa7 Kb7 40. Nb5 R8d5 41. Nd6+ Rxd6 42. exd6 Rxd6 43. Kg3 b5 44. Rb4 Kb6 45. Rb2 Kc5 46. Rc2+ Kb4 47. Rc7 Kb3 48. Rxf7 Rb6 49. Rxg7 Ka2 50. Rxg6 b4 51. h4 b3 52. h5 b2 53. h6 b1Q 54. Rg7 Rb7 55. Rxb7 Qxb7 56. Kg4 Qh7 57. Kh5 Qf5+ 58. Kh4 Qxf4+ 59. g4 Qxh6+ 60. Kg3 Qg5 0-1

[Event "Titled Tuesday intern op 05th Mar Early"]
[Site "Chess.com INT"]
[Date "2024.03.05"]
[Round "1"]
[White "Schnaider, Ilan"]
[Black "Andersson, Bjorn"]
[Result "1-0"]
[WhiteElo "2314"]
[BlackElo "2281"]
[PlyCount "43"]
[EventDate "2024.03.05"]
[EventType "swiss (blitz)"]
[EventRounds "11"]
[EventCountry "USA"]
[SourceTitle "EXT 2025"]
[Source "ChessBase"]
[SourceDate "2024.10.14"]
[SourceVersion "1"]
[SourceVersionDate "2024.10.14"]
[SourceQuality "1"]

1. e4 e6 2. d4 d5 3. e5 c5 4. c3 Nc6 5. Nf3 Nge7 6. Bd3 cxd4 7. cxd4 Nf5 8. Bxf5 exf5 9. 0-0 Be6 10. Nc3 Be7 11. Be3 g5 12. g3 f4 13. gxf4 gxf4 14. Bxf4 Bh3 15. Re1 Rg8+ 16. Bg3 h5 17. e6 fxe6 18. Ne5 Nxe5 19. Qxh5+ Kd7 20. Qxe5 Rg5 21. Qf4 Rf5 22. Qh6 1-0

[Event "Titled Tuesday intern op 02nd Jan Early"]
[Site "Chess.com INT"]
[Date "2024.01.02"]
[Round "1"]
[White "Andersson, Bjorn"]
[Black "Agibileg, Uurtsaikh"]
[Result "0-1"]
[WhiteElo "2281"]
[BlackElo "2445"]
[PlyCount "234"]
[EventDate "2024.01.02"]
[EventType "swiss (blitz)"]
[EventRounds "11"]
[EventCountry "USA"]
[SourceTitle "EXT 2025"]
[Source "ChessBase"]
[SourceDate "2024.10.14"]
[SourceVersion "1"]
[SourceVersionDate "2024.10.14"]
[SourceQuality "1"]

1. e4 e5 2. Nf3 Nc6 3. Bc4 Nf6 4. Ng5 d5 5. exd5 Na5 6. Bb5+ c6 7. dxc6 bxc6 8. Bd3 Nd5 9. Nf3 Nf4 10. Bf1 Bc5 11. d4 Bb6 12. Bxf4 exf4 13. Be2 0-0 14. 0-0 Be6 15. c3 Nc4 16. Qc1 g5 17. Nbd2 Nxd2 18. Qxd2 Kh8 19. Rfe1 Rg8 20. Ne5 Rc8 21. Bg4 Qf6 22. Qe2 Rge8 23. Bxe6 fxe6 24. Qh5 c5 25. Nf7+ Kg7 26. Nxg5 cxd4 27. Qxh7+ Kf8 28. Qh5 Kg7 29. Ne4 Qe7 30. cxd4 Bxd4 31. Qg4+ Kh8 32. Qxf4 Rg8 33. Qh6+ Qh7 34. Qxh7+ Kxh7 35. Rad1 Bxb2 36. Rd7+ Rg7 37. Rxg7+ Kxg7 38. g3 Rc2 39. Ng5 e5 40. Nf3 Kf6 41. Kf1 a5 42. Re2 Rc1+ 43. Kg2 Bc3 44. h4 a4 45. Ng5 Kg6 46. Ne4 Bd4 47. Nd6 a3 48. Nb5 Bb2 49. Re3 Ra1 50. Nxa3 Rxa2 51. Nc4 Bd4 52. Nxe5+ Kf5 53. Nc4 Rc2 54. Rd3 Rxc4 55. Kf3 Bc5 56. Rd2 Ke5 57. Kg2 Rc3 58. Re2+ Kf6 59. Kh3 Rc4 60. f4 Rc3 61. Kg4 Bb4 62. h5 Rb3 63. Rh2 Be1 64. Rh3 Kg7 65. h6+ Kh7 66. Kh4 Bf2 67. Kg4 Rb4 68. Kh4 Rxf4+ 69. Kg5 Rb4 70. g4 Bc5 71. Kf5 Bd6 72. g5 Rf4+ 73. Ke6 Bb4 74. Rg3 Kg6 75. Rh3 Rf8 76. h7 Rh8 77. Ke5 Bc5 78. Ke4 Bb6 79. Rh6+ Kxg5 80. Rh1 Kg6 81. Kd5 Bc7 82. Ke6 Bf4 83. Rg1+ Bg5 84. Rh1 Bh6 85. Rg1+ Kxh7 86. Kf7 Rf8+ 87. Ke6 Rf2 88. Kd7 Rf5 89. Ke6 Ra5 90. Kd7 Bg5 91. Ke6 Kg6 92. Kd7 Kf5 93. Kc6 Bf4 94. Rg8 Ra2 95. Kd5 Rd2+ 96. Kc4 Ke4 97. Re8+ Be5 98. Kc5 Rc2+ 99. Kb4 Kd5 100. Rd8+ Bd6+ 101. Kb3 Rh2 102. Kc3 Rh3+ 103. Kd2 Rh6 104. Ke3 Kc4 105. Ke4 Bc5 106. Kf5 Rh4 107. Kg5 Rh1 108. Kf5 Re1 109. Rc8 Kd5 110. Rd8+ Bd6 111. Kg4 Ke5 112. Kf3 Rf1+ 113. Kg2 Ra1 114. Kf3 Ra3+ 115. Kg2 Bc5 116. Re8+ Kf4 117. Rf8+ Bxf8 0-1

[Event "Titled Tuesday intern op 26th Dec Early"]
[Site "Chess.com INT"]
[Date "2023.12.26"]
[Round "10"]
[White "Andersson, Bjorn"]
[Black "Kiewra, Keaton F"]
[Result "1-0"]
[WhiteElo "2281"]
[BlackElo "2300"]
[PlyCount "133"]
[EventDate "2023.12.26"]
[EventType "swiss (blitz)"]
[EventRounds "11"]
[EventCountry "USA"]
[SourceTitle "EXT 2025"]
[Source "ChessBase"]
[SourceDate "2024.10.14"]
[SourceVersion "1"]
[SourceVersionDate "2024.10.14"]
[SourceQuality "1"]

1. e4 d6 2. d4 f6 3. Nc3 Kf7 4. Nf3 Ke6 5. Bc4+ Kd7 6. 0-0 Ke8 7. Re1 e6 8. a4 c6 9. d5 e5 10. dxc6 bxc6 11. Be3 Qe7 12. Qe2 Be6 13. Red1 Qf7 14. Bxe6 Qxe6 15. Nd2 Ne7 16. Nc4 Nc8 17. Rd2 Be7 18. b3 Kf7 19. Rad1 Re8 20. Qh5+ Kf8 21. Qxh7 Nd7 22. Ne2 Ndb6 23. Nxb6 axb6 24. Ng3 Qg8 25. Qg6 Qf7 26. Qh7 Qg8 27. Qh3 Kf7 28. Nf5 Qh8 29. Qg4 g6 30. Nh6+ Kg7 31. Qe6 Qf8 32. Rd3 Bd8 33. Qd7+ Re7 34. Qg4 Kh7 35. Bc1 Kh8 36. Qxg6 Rg7 37. Qh5 Rh7 38. Rh3 Raa7 39. Qf5 Ne7 40. Qg4 Ng8 41. Nxg8 Qxg8 42. Qxg8+ Kxg8 43. Rxd6 Be7 44. Rxh7 Kxh7 45. Rd3 b5 46. Be3 c5 47. g3 bxa4 48. bxa4 Kg6 49. Rd5 Rxa4 50. Bxc5 Bxc5 51. Rxc5 Rxe4 52. Rc8 Re1+ 53. Kg2 Kf5 54. c4 Rc1 55. c5 e4 56. c6 Rc2 57. Kg1 Rc1+ 58. Kg2 Rc2 59. Kf1 Rc1+ 60. Ke2 Rc2+ 61. Ke3 Rc3+ 62. Kd2 Rc5 63. c7 Rc6 64. h4 Rc4 65. h5 Rc6 66. h6 Kg6 67. Rg8+ 1-0

[Event "Titled Tuesday intern op 26th Dec Early"]
[Site "Chess.com INT"]
[Date "2023.12.26"]
[Round "6"]
[White "Andersson, Bjorn"]
[Black "Nilsson, Joakim"]
[Result "0-1"]
[WhiteElo "2281"]
[BlackElo "2158"]
[PlyCount "128"]
[EventDate "2023.12.26"]
[EventType "swiss (blitz)"]
[EventRounds "11"]
[EventCountry "USA"]
[SourceTitle "EXT 2025"]
[Source "ChessBase"]
[SourceDate "2024.10.14"]
[SourceVersion "1"]
[SourceVersionDate "2024.10.14"]
[SourceQuality "1"]

1. e4 c5 2. Nf3 e6 3. g3 d5 4. exd5 exd5 5. d4 Nc6 6. Bg2 Nf6 7. 0-0 Be7 8. dxc5 0-0 9. Be3 Ne4 10. Nbd2 Bg4 11. h3 Bf5 12. Nb3 a5 13. c3 a4 14. Nbd4 Bg6 15. Nxc6 bxc6 16. Ne5 Qc7 17. Nxg6 hxg6 18. Bxe4 dxe4 19. Qg4 Qe5 20. Bd4 Qd5 21. Rfe1 Bxc5 22. Qxe4 Bxd4 23. Qxd4 Qf5 24. Rad1 Qxh3 25. Qc4 Rab8 26. b3 axb3 27. axb3 Rb5 28. b4 Rh5 29. Qxc6 Qh2+ 30. Kf1 Rf5 31. Qg2 Qh6 32. Rd3 Qg5 33. Kg1 Qf6 34. Rde3 g5 35. R1e2 g6 36. Qe4 Rd8 37. Qe7 Rd1+ 38. Re1 Rxe1+ 39. Rxe1 Qxc3 40. Qe8+ Kg7 41. Qe7 g4 42. Re4 Qc1+ 43. Kg2 Qc2 44. Re2 Qc6+ 45. Qe4 Qf6 46. Qxg4 Qc6+ 47. Qe4 Qb6 48. Qe3 Qc6+ 49. Qe4 Qb6 50. Rd2 Qf6 51. Qd4 Re5 52. f4 Re2+ 53. Kf3 Rxd2 54. Qxd2 Qc6+ 55. Ke2 Qc4+ 56. Kf3 Qb3+ 57. Kf2 Qc4 58. Kf3 Qb3+ 59. Kf2 Qc4 60. Qe1 Qc2+ 61. Qe2 Qb3 62. Qe4 Qb2+ 63. Kf3 Qc3+ 64. Kg4 f5+ 0-1

[Event "Titled Tuesday intern op 26th Dec Early"]
[Site "Chess.com INT"]
[Date "2023.12.26"]
[Round "4"]
[White "Andersson, Bjorn"]
[Black "Shuvalov, Evgenij"]
[Result "0-1"]
[WhiteElo "2281"]
[BlackElo "2079"]
[PlyCount "76"]
[EventDate "2023.12.26"]
[EventType "swiss (blitz)"]
[EventRounds "11"]
[EventCountry "USA"]
[SourceTitle "EXT 2025"]
[Source "ChessBase"]
[SourceDate "2024.10.14"]
[SourceVersion "1"]
[SourceVersionDate "2024.10.14"]
[SourceQuality "1"]

1. e4 e6 2. d4 d5 3. Nc3 Bb4 4. Nge2 Nc6 5. a3 Ba5 6. exd5 exd5 7. Nf4 Nf6 8. Be2 0-0 9. 0-0 Re8 10. Bf3 Bxc3 11. bxc3 Na5 12. Nd3 Nc4 13. Bg5 c6 14. Qc1 h6 15. Bh4 Bf5 16. Re1 Rxe1+ 17. Qxe1 g5 18. Bg3 Ne4 19. Ne5 Ned6 20. Qe2 f6 21. Nd3 Qe8 22. Qd1 Nb5 23. Qe1 Qxe1+ 24. Rxe1 Kf8 25. Nc5 b6 26. Ne6+ Kf7 27. Bh5+ Bg6 28. Bxg6+ Kxg6 29. Nc7 Nxc7 30. Bxc7 Kf7 31. a4 Re8 32. Rxe8 Kxe8 33. Kf1 Kd7 34. Bb8 a5 35. Ke2 Nb2 36. g4 Nxa4 37. Bg3 Nxc3+ 38. Kd3 Nb5 0-1